千葉県にある漢字4文字の駅 - Statistics

General Stats
  • This quiz has been taken 29 times
  • The average score is 50 of 71
Answer Stats
Hint Answer % Correct
千葉市 京成千葉
100%
船橋市 京成船橋
100%
習志野市 新習志野
100%
鴨川市 安房鴨川
96%
佐倉市 京成佐倉
96%
成田市 京成成田
96%
我孫子市 東我孫子
96%
千葉市 幕張本郷
96%
市川市 市川塩浜
92%
神崎町 下総神崎
92%
船橋市 下総中山
92%
千葉市 千葉中央
92%
成田市 成田空港
92%
市川市 市川大野
88%
千葉市 海浜幕張
88%
君津市 上総亀山
88%
船橋市 京成中山
88%
千葉市 京成幕張
88%
千葉市 検見川浜
88%
習志野市 新津田沼
88%
船橋市 船橋法典
88%
八千代市 八千代台
88%
匝瑳市 八日市場
88%
市川市 市川真間
84%
船橋市 北習志野
84%
船橋市 京成西船
84%
市川市 京成八幡
84%
成田市 下総松崎
84%
成田市 成田湯川
84%
船橋市 原木中山
84%
千葉市 稲毛海岸
80%
佐倉市 京成臼井
80%
千葉市 新検見川
80%
千葉市 幕張豊砂
80%
松戸市 松戸新田
80%
鴨川市 安房小湊
76%
大多喜町 上総中野
76%
鴨川市 安房天津
72%
勝浦市 上総興津
72%
酒々井町 宗吾参道
72%
千葉市 京成稲毛
68%
船橋市 高根公団
68%
市原市 上総牛久
64%
船橋市 高根木戸
64%
千葉市 千葉公園
64%
市川市 二俣新町
64%
市原市 海士有木
60%
野田市 清水公園
60%
鋸南町 安房勝山
56%
銚子市 下総豊里
56%
木更津市 上総清川
52%
君津市 上総松丘
52%
千葉市 市役所前
52%
船橋市 大神宮下
52%
館山市 那古船形
52%
銚子市 西海鹿島
52%
市原市 上総村上
48%
松戸市 小金城趾
48%
流山市 江戸川台
44%
銚子市 笠上黒生
44%
市原市 上総久保
44%
千葉市 動物公園
44%
市原市 上総川間
40%
市原市 上総鶴舞
40%
市原市 上総山田
40%
市原市 養老渓谷
40%
いすみ市 上総中川
36%
市原市 上総三又
36%
千葉市 葭川公園
36%
千葉市 千城台北
32%
船橋市 二和向台
32%
No matching quizzes found
Score Distribution
Percent of People with Each Score
Percentile by Number Answered
Your Score History
You have not taken this quiz